Cercanías Sevilla - Estadísticas

Estadísticas generales
  • Esta prueba ha sido intentada 247 veces
  • La puntuación promedio es 19 de 33
Estadísticas de respuestas
C-1 % Correcto
Dos Hermanas
89%
San Bernardo
87%
Utrera
85%
Lora del Rio
79%
Cartuja
75%
Virgen del Rocío
75%
Lebrija
72%
Jardines de Hércules
70%
Sevilla - Santa Justa
69%
Camas
68%
Benacazón
65%
La Rinconada
65%
Bellavista
61%
Palacio de Congresos
61%
San Jerónimo
61%
Brenes
60%
Las Cabezas de San Juan
60%
Estadio Olímpico
58%
Cantaelgallo
57%
Cantillana
55%
Los Rosales
55%
Sanlúcar la Mayor
49%
Salteras
48%
Padre Pío - Palmete
45%
El Cáñamo
44%
Tocina
43%
Cazalla - Constantina
42%
Guadajoz
40%
Valencina - Santiponce
40%
Pedroso
34%
Villanueva del Río - Minas
33%
Alcolea del Río
32%
Villanueva del Ariscal - Olivares
30%
No se encontraron pruebas coincidentes
Distribución de puntuación
Porcentaje de gente con cada puntuación
Porcentaje por número respondido
Historial de tus puntuaciones
No has intentado esta prueba.